<?xml version="1.0" encoding="UTF-8"?><?xml-stylesheet type="text/xsl" href="static/style.xsl"?><OAI-PMH xmlns="http://www.openarchives.org/OAI/2.0/" xmlns:xsi="http://www.w3.org/2001/XMLSchema-instance" xsi:schemaLocation="http://www.openarchives.org/OAI/2.0/ http://www.openarchives.org/OAI/2.0/OAI-PMH.xsd"><responseDate>2026-06-01T01:42:38Z</responseDate><request verb="GetRecord" identifier="oai:docta.ucm.es:20.500.14352/118179" metadataPrefix="marc">https://docta.ucm.es/rest/oai/request</request><GetRecord><record><header><identifier>oai:docta.ucm.es:20.500.14352/118179</identifier><datestamp>2025-03-11T08:54:55Z</datestamp><setSpec>com_20.500.14352_14</setSpec><setSpec>col_20.500.14352_15</setSpec></header><metadata><record xmlns="http://www.loc.gov/MARC21/slim" xmlns:dcterms="http://purl.org/dc/terms/" xmlns:xsi="http://www.w3.org/2001/XMLSchema-instance" xmlns:doc="http://www.lyncode.com/xoai" xsi:schemaLocation="http://www.loc.gov/MARC21/slim http://www.loc.gov/standards/marcxml/schema/MARC21slim.xsd">
   <leader>00925njm 22002777a 4500</leader>
   <datafield ind2=" " ind1=" " tag="042">
      <subfield code="a">dc</subfield>
   </datafield>
   <datafield ind2=" " ind1=" " tag="720">
      <subfield code="a">Del Buey Fernández, Pablo</subfield>
      <subfield code="e">author</subfield>
   </datafield>
   <datafield ind2=" " ind1=" " tag="720">
      <subfield code="a">Sanz Montero, María Esther</subfield>
      <subfield code="e">author</subfield>
   </datafield>
   <datafield ind2=" " ind1=" " tag="720">
      <subfield code="a">Rodríguez Aranda, Juan Pablo</subfield>
      <subfield code="e">author</subfield>
   </datafield>
   <datafield ind2=" " ind1=" " tag="720">
      <subfield code="a">Sánchez Román, Mónica</subfield>
      <subfield code="e">author</subfield>
   </datafield>
   <datafield ind2=" " ind1=" " tag="720">
      <subfield code="a">Nieto, Fernando</subfield>
      <subfield code="e">author</subfield>
   </datafield>
   <datafield ind2=" " ind1=" " tag="260">
      <subfield code="c">2025-01-03</subfield>
   </datafield>
   <datafield ind2=" " ind1=" " tag="520">
      <subfield code="a">Palygorskite is assumed to be the predominant clay mineral in playa-lakes, where it may be detrital or authigenic in origin. Discriminating between detrital and authigenic clays is crucial to elucidate paleoenvironmental conditions in lacustrine deposits. This study provides insight into the sedimentary evolution of clay minerals from source, lacustrine Miocene marlstones and mudstones, to sink, represented by three recent hyperalkaline playa-lakes in Central Spain. XRD, TEM, and AEM analyses show concomitant detrital and authigenic palygorskites in the three playa-lakes. The inherited palygorskites exhibit degradation features, larger widths, and common and ideal compositions, in contrast to neoformed particles. The latter are narrower. Depending on the hydrochemical composition of each playa-lake, neoformed palygorskites are enriched in a different octahedral cation (Al2O3, MgO, and Fe2O3). Iron-rich palygorskites are only formed in association with authigenic saponites in one of the playa-lakes. The same effect of magnesium competition between smectite and palygorskite is observed in Miocene mudstones, where palygorskite is relatively enriched in iron. In hyperalkaline, seasonal playa-lakes lying in the vicinity, slight physicochemical differences play a crucial role in the crystallochemical composition of authigenic palygorskites, highlighting the use of this mineral as a geochemical proxy.</subfield>
   </datafield>
   <datafield ind1="8" ind2=" " tag="024">
      <subfield code="a">del Buey, P.; Sanz-Montero, M.E.; Rodríguez-Aranda, J.P.; Sánchez-Román, M.; Nieto, F. The Miocene Source-to-Sink Evolution of Fibrous Clay Minerals in Hyperalkaline Playa-Lakes, Duero Basin (Central Spain). Minerals 2025, 15, 50. https://doi.org/10.3390/min15010050</subfield>
   </datafield>
   <datafield ind1="8" ind2=" " tag="024">
      <subfield code="a">10.3390/min15010050</subfield>
   </datafield>
   <datafield ind1="8" ind2=" " tag="024">
      <subfield code="a">https://hdl.handle.net/20.500.14352/118179</subfield>
   </datafield>
   <datafield ind1="8" ind2=" " tag="024">
      <subfield code="a">2075-163X</subfield>
   </datafield>
   <datafield ind1="8" ind2=" " tag="024">
      <subfield code="a">https://doi.org/10.3390/min15010050</subfield>
   </datafield>
   <datafield ind1="8" ind2=" " tag="024">
      <subfield code="a">https://www.mdpi.com/2075-163X/15/1/50</subfield>
   </datafield>
   <datafield ind2="0" ind1="0" tag="245">
      <subfield code="a">The Miocene Source-to-Sink Evolution of Fibrous Clay Minerals in Hyperalkaline Playa-Lakes, Duero Basin (Central Spain)</subfield>
   </datafield>
</record></metadata></record></GetRecord></OAI-PMH>